Bodo Kirchhoff sa narodil... [inc.]

Bibliographic Details
Main Author: Humajová, Daniela, 1955- (Author)
Format: Article
Language:Slovak
ISSN:0231-6269
Subjects:

MARC

LEADER 00000nab a2200000 a 4500
001 vtls000638119
003 SK-MaSNL
005 20260304094819.0
008 250425c1997 xo 0 slo
015 |a SNBRB19rr/mm-uuuuu 
035 |a CL0638258 
035 |a urn:nbn:sk:snk-abbr6v 
035 |a (urnnbn)urn:nbn:sk:snk:ar-0053zj 
035 |a (uuid)bd1a9ec6-24a9-424d-a816-9354a4046fde 
040 |a SNKBUCL  |b slo  |c SNKBUCL  |e AACR2 
041 0 |a slo 
044 |a xo  |c SK 
080 |a 82:929:830  |2 1981 
080 |a 830  |2 1981 
080 |a 929 Krichhoff, Bodo  |2 1981 
100 1 |a Humajová, Daniela,  |d 1955-  |4 aut  |9 98624 
245 1 0 |a Bodo Kirchhoff sa narodil... [inc.]  |c Daniela Humajová 
600 1 7 |a Kirchhoff, Bodo,  |d 1948-  |2 snkbucl  |9 165585 
655 7 |a články z novín a časopisov  |2 snkbucl  |9 267496 
773 0 |t Revue svetovej literatúry  |g Roč. 33, č. 3 (1997), s. 148  |x 0231-6269 
850 |a Slovenská národná knižnica 
852 |a Slovenská národná knižnica 
958 |a article15 
958 |a LX 
958 |a DE 
958 |a BC 
958 |a RK 
958 |a OND 
958 |a EUIPO 
992 |a RBX 
999 |c 2829097  |d 2831027